000 00342nam a22001457a 4500
003 OSt
005 20211224090235.0
008 211224b |||||||| |||| 00| 0 eng d
020 _a812032384x
040 _cHU
082 _24th
_a004.6STA/2001
100 _aStallings
_924267
245 _aBusiness Data Cimmunications
942 _2ddc
_cBOOKS
_n0
999 _c23868
_d23868